Odborná spôsobilosť držať a nosiť zbraň a strelivo
Gespeichert in:
| 1. Verfasser: | |
|---|---|
| Format: | Buch |
| Sprache: | Slowakisch |
| Veröffentlicht: |
Bratislava
IRIS
1994
|
| Ausgabe: | 1. vyd. |
| Schlagworte: | |
| Tags: |
Keine Tags, Fügen Sie das erste Tag hinzu!
|
MARC
| LEADER | 00000nam a2200000 4500 | ||
|---|---|---|---|
| 001 | c005659 | ||
| 005 | 20221128073507.0 | ||
| 020 | |a 80-967013-7-1 | ||
| 041 | 0 | |a slo | |
| 044 | |a SK | ||
| 245 | 1 | 0 | |a Odborná spôsobilosť držať a nosiť zbraň a strelivo |c Ladislav Berži |
| 250 | |a 1. vyd. | ||
| 264 | 1 | |a Bratislava |b IRIS |c 1994 | |
| 300 | |a 127 s. | ||
| 610 | 2 | 0 | |a zbrane |
| 610 | 2 | 0 | |a zákony |
| 610 | 2 | 0 | |a vyhlášky |
| 100 | 1 | |a Berži, Ladislav | |